1983 1367 1880 1857 1117 1590 1056 1174 1402 1316 1080 1024 1093 1549 1671 1556 1198 1860 1255 1467 1017 1034 1762 1475 1805 1901 1610 1872 1696 1453 1799 1020 1932 1074 1596 1560 1599 1687 1804 1524 1954 1493 1349 1266 1785 1411 1729 1580 1311 1848 1196 1520 1002 1154 1369 1414 1102 1886 1271 1496 1872 1640 1338 1261 1875 1556 1516 1866 1283 1324 1699 1975 1645 1252 1012 1973 1656 1486 1833 1644 1855 1778 1275 1891 1663 1211 1954 1162 1046 1515 1164 1944 1100 1814 1176 1640 1657 1402 1060 BCNSPRNW ULIB Ver.6.0+V

เปลี่ยนเป็นภาษาไทย

Change to English
 แสดงรายละเอียดบรรณานุกรม
  กลับหน้าหลัก

Brief Record : Get Marc (ISO 2709) : E-mail record : QR code < ปิดหน้าต่าง
LEADER : 00000nam 2200000uu 4500
001    13399114891
003     ULIB
008    120619s2549||||th 000 0 tha d
020    9749869621
024    9789749868628
050  4 AG196^bน625w
100 0  นิภาพัชร์ ปิ่นสุวรรณ
245 00 What:รู้รอบเรื่องน่าทึ่งของโลก^cนิภาพัชร์ ปิ่นสุวรรณ
260    กรุงเทพฯ:^b อักษรเจริญทัศน์,^c 2549
300    191 หน้า:^b ภาพประกอบ,^c 21 ซม
650  0 ความรู้ทั่วไป
945    ^p170^l0^i020590
995    เกษร
999 ใช ้งานได้ทุกระบบ
รายการนี้ยังไม่มีแท็ก
คุณยังไม่ได้ล็อกอิน คุณสามารถมีกิจกรรมร่วมกับเว็บไซต์ได้ แต่ต้องล็อกอินก่อน ::
  ล็อกอิน

รายการสื่อสารสนเทศ

ลำดับที่ ประเภท เลขเรียก/บาร์โค้ด สถานที่ สถานะ
- ไม่พบข้อมูล -

รายการใกล้เคียง
    หัวเรื่อง [ความรู้ทั่วไป]

BibComment


ยังไม่เคยถูกคอมเมนท์

คอมเมนท์ทรัพยากรรายการนี้
  คอมเมนท์: Whatรู้รอบเรื่องน..


 Copyright 2026. Bcnsprnw @Library